Largest Urban Areas per Continent Quiz Stats

 Plays Quiz Updated Nov 13, 2018

Challenge
Share
Tweet
Embed
Score 0/60 Timer 10:00
1 Play Today
% Correct
New York City
98.8%
Los Angeles
96.6%
London
93.6%
Paris
93.4%
Mexico City
89.9%
Chicago
88.6%
Berlin
86.5%
Tokyo
83.9%
Moscow
83.7%
Sydney
83%
Madrid
81.9%
Cairo
78.6%
Houston
74.8%
Rio de Janeiro
74.6%
Dallas/Fort Worth
73.9%
Buenos Aires
73.1%
Shanghai
69.7%
San Francisco
68.8%
São Paulo
66.4%
Boston
65.8%
Melbourne
64.9%
Lima
64.3%
Washington, D.C.
62.8%
Johannesburg
62.3%
Philadelphia
62.1%
Santiago
61.3%
Mumbai
60.7%
Barcelona
60.6%
Canberra
58.8%
Bogotá
58.1%
% Correct
Istanbul
56.8%
Caracas
56.4%
Brasília
55%
Nairobi
53.9%
Perth
53.8%
St. Petersburg
53.5%
Seoul
53%
Wellington
52.6%
Delhi
51.2%
Jakarta
49.2%
Auckland
46.5%
Lagos
45.8%
Milan
44.6%
Ōsaka
42.2%
Brisbane
38.8%
Manila
38.5%
Karāchi
36.2%
Adelaide
32.8%
Kinshasa
30.9%
Alexandria
30.5%
Casablanca
29.7%
Christchurch
29.6%
Khartoum
27.3%
Guangzhou
22.3%
Luanda
22.2%
Ruhr Area
18.2%
Belo Horizonte
16.8%
Abidjan
12.1%
Gold Coast
11.6%
Porto Alegre
11.3%

You're not logged in!

Compare scores with friends on all Sporcle quizzes.
OR
Log In

You Might Also Like...

Show Comments

Extras

Top Quizzes Today


Score Distribution

Your Account Isn't Verified!

In order to create a playlist on Sporcle, you need to verify the email address you used during registration. Go to your Sporcle Settings to finish the process.

Report this User

Report this user for behavior that violates our Community Guidelines.

Details: